000 00263 a2200109 4500
999 _c321829
_d321829
001 86756
003 NUST
005 20180123113240.0
008 180123b xxu||||| |||| 00| 0 eng d
082 _a362.76 ROZ
100 _aRozan
_99610
245 _aTahaffuz Hamara Haq Hai
_hUrdu
260 _aIslamabad
_bRozan Organization
_c2011
942 _aCAE NUST
_k362.76 ROZ
_cBK
_2ddc